| 000 | 00840cam a22002533a 4500 | ||
|---|---|---|---|
| 001 | 17827 | ||
| 003 | PGUSA | ||
| 005 | 20140828083359.0 | ||
| 008 | 060222s2006||||xxu|||||s|||||000 | eng d | ||
| 040 |
_aPGUSA _beng |
||
| 042 | _adc | ||
| 050 | 4 | _aE300 | |
| 100 | 1 |
_aThompson, L. S. _q(Lucy S.) |
|
| 245 | 1 | 4 |
_aThe Story of Mattie J. Jackson : _bHer Parentage—Experience of Eighteen years in Slavery—Incidents during the War—Her Escape from Slavery _h[electronic resource] / _cL. S. Thompson |
| 260 |
_bProject Gutenberg, _c2006 |
||
| 506 | _aPublic domain in the USA. | ||
| 516 | _aElectronic text | ||
| 653 | _aSlaves' writings, American | ||
| 653 | _aSlaves -- Missouri -- Biography | ||
| 653 | _aJackson, Mattie J. | ||
| 830 | 0 |
_aProject Gutenberg _v17827 |
|
| 856 | 4 | 0 | _uhttp://www.gutenberg.org/ebooks/17827 |
| 942 | _cEB | ||
| 999 |
_c247082 _d247082 |
||